al-Mabāḥith al-lughawīyah. (Record no. 48945)

MARC details
000 -LEADER
fixed length control field 00504cam a22002051 4500
001 - CONTROL NUMBER
control field ne 66001058
003 - CONTROL NUMBER IDENTIFIER
control field DLC
005 - DATE AND TIME OF LATEST TRANSACTION
control field 20260227111824.0
008 - FIXED-LENGTH DATA ELEMENTS--GENERAL INFORMATION
fixed length control field 890324s1965 xx b 000 0 ara
010 ## - LIBRARY OF CONGRESS CONTROL NUMBER
LC control number ne 66001058
035 ## - SYSTEM CONTROL NUMBER
System control number (OCoLC)23486787
040 ## - CATALOGING SOURCE
Original cataloging agency DLC
Transcribing agency MiU
Modifying agency DLC
042 ## - AUTHENTICATION CODE
Authentication code premarc
050 00 - LIBRARY OF CONGRESS CALL NUMBER
Classification number Z7052
Item number .A87
100 1# - MAIN ENTRY--PERSONAL NAME
Personal name ʻAwwād, Kūrkīs.
245 13 - TITLE STATEMENT
Title al-Mabāḥith al-lughawīyah.
260 ## - PUBLICATION, DISTRIBUTION, ETC.
Date of publication, distribution, etc. 1965.
300 ## - PHYSICAL DESCRIPTION
Extent 150 p.
Dimensions 25 cm.
650 #0 - SUBJECT ADDED ENTRY--TOPICAL TERM
Topical term or geographic name entry element Arabic language
Form subdivision Bibliography.

No items available.

Powered by Koha